[Event "HokkaidoCh2018"]
[Site "?"]
[Date "2018.03.25"]
[Round "4.4"]
[White "AOKI, Yasuhiro"]
[Black "HAKAMADA, Eiji"]
[Result "1-0"]
[WhiteElo "1620"]
[BlackElo "1510"]
[Annotator "Fritz 15 (30s)"]
[PlyCount "61"]
[SourceDate "2018.03.25"]

{D30: Queen's Gambit Declined: Systems without Nc3} 1. c4 c5 2. Nf3 e6 3. g3 d5
4. cxd5 exd5 5. Bg2 Nf6 6. d4 Nc6 7. O-O Be7 8. dxc5 Bxc5 9. Qc2 Bb6 10. Nc3
O-O 11. Bg5 Be6 12. Rad1 (12. Na4 h6 13. Nxb6 axb6 14. Bf4 Qe7 (14... Re8 15.
b3 Qd7 16. Rfe1 Bh3 17. Bh1 Re4 18. Bd2 Rae8 19. Bc3 Qe6 20. Qd2 Rxe2 21. Rxe2
Qxe2 22. Bxf6 Qxd2 23. Nxd2 gxf6 24. Bxd5 Rd8 25. Ne4 Kg7 26. Nc3 b5 27. a3 Nd4
28. Rd1 Rc8 29. Rxd4 {Gledura,B (2512)-Lizak,P (2450) Budapest 2015 1/2-1/2 
(46)}) 15. Rfd1 Rfc8 16. a3 Bg4 17. Qd3 Qe6 18. Be3 Na5 19. Nd4 Qd7 20. f3 Be6
21. Nxe6 Qxe6 22. Bd4 Re8 23. Bf1 Nc4 24. Kf2 b5 25. b3 Nxa3 26. Bc5 b4 {
Malaniuk,V (2560)-Palatnik,S (2460) Kherson 1989 1-0 (63)}) 12... h6 13. Bf4
Qe7 14. a3 $146 {Prevents intrusion on b4} (14. Na4 Rfc8 15. Nxb6 axb6 16. a3
Na5 17. Qd3 Nc4 18. Qd4 Qc5 19. Be5 Nxe5 20. Qxe5 Nd7 21. Qf4 Qb5 22. Rd2 Rc4
23. Nd4 Qc5 24. Rfd1 Rc8 25. e4 Nf6 26. Nxe6 fxe6 27. Qe5 Re8 28. exd5 Kh8 {
Jochens,A (2218)-Bach,M (2339) Kiel 2006 0-1 (64)}) 14... Rac8 15. Qb1 {
Black has an active position} Rfd8 16. b4 Nxb4 17. Na4 {Black has a very
active position} Na6 (17... Nc2 $5 {must definitely be considered} 18. Nxb6
axb6 19. Qxb6 Nxa3 $15) 18. Nxb6 $11 axb6 19. Qxb6 {White has the pair of
bishops} Rc6 {Black threatens to win material: Rc6xb6} 20. Qb2 {Black has an
active position} Rdc8 21. Nd4 {White threatens to win material: Nd4xc6} Rc3 {
[%cal Rc3a3,Re7a3,Gb2a3] Attacking the isolated pawn on a3} 22. Nxe6 fxe6 23.
Rb1 e5 24. Rfc1 Rxc1+ 25. Bxc1 {White has a cramped position} Rc7 26. Bd2 e4 {
Black gets more space} (26... Nc5 $142 $5 $14 {is an interesting alternative})
27. Bf4 $16 Rc4 28. Qxb7 Qxa3 $4 {terrible, but the game is lost in any case. .
} (28... Qxb7 $142 29. Rxb7 Nc5 $16) 29. Bh3 $18 Kh8 (29... Nc5 {no good, but
what else?} 30. Qe7 Rb4 $18) 30. Qf7 (30. Qa8+ Kh7 31. Bf5+ g6 32. Rb7+ Rc7 33.
Bxc7 Qc1+ 34. Kg2 Nxc7 35. Qd8 Qc3 36. Rxc7+ Qxc7 37. Qxc7+ Kg8 38. Bxg6 Kh8
39. Qe7 Kg8 40. Qxf6 h5 41. Qf7+ Kh8 42. Qh7#) 30... Qc5 (30... Nh7 31. Qxd5
Qc5 32. Qa8+ Qf8 33. Qxa6 Rb4 $18) 31. Rb7 (31. Rb7 Rc1+ 32. Kg2 Qxf2+ 33. Kxf2
e3+ 34. Bxe3 Nc7 35. Bxh6 Nfe8 36. Bf5 g6 37. Bxg6 Rf1+ 38. Kxf1 d4 39. Qh7#) (
31. Bxh6 Qxf2+ 32. Kxf2 Ng4+ 33. Bxg4 e3+ 34. Kf3 Rxg4 35. Kxg4 gxh6 36. Rb7
Nc7 37. Rb8+ Ne8 38. Rxe8#) 1-0

[Event "HokkaidoCh2018"]
[Site "?"]
[Date "2018.03.25"]
[Round "4.5"]
[White "KOYAHATA, Taku"]
[Black "MATSUMOTO, Kenshin"]
[Result "0-1"]
[WhiteElo "1391"]
[BlackElo "1471"]
[Annotator "Fritz 15 (30s)"]
[PlyCount "128"]
[SourceDate "2018.03.25"]

{D45: Semi-Slav: 5 e3} 1. d4 d5 2. c4 e6 3. Nc3 Nf6 4. Nf3 Be7 5. e3 c6 6. Be2
dxc4 7. Bxc4 b5 8. Bd3 a6 9. O-O Nbd7 (9... Bb7 10. e4 O-O (10... c5 11. dxc5
Bxc5 12. e5 Nd5 13. Ne4 Be7 14. Bg5 O-O 15. Bxe7 Qxe7 16. Rc1 Nd7 17. Bb1 Rfc8
18. Rxc8+ Rxc8 19. Nd6 Rc7 20. Qd3 Nf8 21. Qd4 f5 22. Bxf5 exf5 23. Nxb7 Nc3
24. bxc3 Rxb7 25. Qd5+ {Wagner,D (2472)-Mueller,R (2249) Saarbruecken 2013 1-0}
) 11. Qc2 h6 12. e5 Nd5 13. Nxd5 cxd5 14. Bf4 Re8 15. Qd2 Bf8 16. h4 h5 17. Bg5
Be7 18. Rae1 Nc6 19. Qf4 Rc8 20. Re2 Qd7 21. g4 hxg4 22. Qxg4 Bxg5 23. Nxg5 g6
24. Re3 {Karpov,A (2692)-Sanz,J (2183) Madrid 2001 1-0}) 10. a3 $146 {
Consolidates b4} (10. e4 b4 (10... Bb7 11. e5 (11. Bg5 h6 12. Bh4 c5 13. e5 Nd5
14. Bxe7 Nxc3 15. bxc3 Qxe7 16. Qe2 O-O 17. Nd2 Nb6 18. Ne4 cxd4 19. cxd4 Bxe4
20. Qxe4 g6 21. Qg4 Qg5 22. Qxg5 hxg5 23. Be4 Ra7 24. Rac1 Rd8 25. Rfd1 Rad7 {
Horvath,J (2225)-Czegledi,Z (2220) Hungary 1992 1/2-1/2 (63)}) 11... Nd5 12.
Nxd5 exd5 13. Be3 Nb6 14. Qc2 Qc7 15. Nd2 O-O-O 16. b3 Kb8 17. a4 b4 18. f4 a5
19. Nf3 g6 20. Rac1 Nc8 21. f5 Ka8 22. f6 Bf8 23. Qd2 h6 24. Rc2 Na7 25. Rfc1 {
Altshul,R (2330)-Anguera Maestro,J (2218) Gmunden 2007 1-0 (46)}) 11. Na4 c5
12. Bf4 Bb7 13. e5 Nd5 14. Bg3 Rc8 15. Rc1 g5 16. Nxc5 Nxc5 17. dxc5 h5 18. h3
Qa5 19. Nd2 Bxc5 20. Nc4 Qd8 21. Qa4+ Kf8 22. Nd6 Bxd6 23. exd6 Kg7 24. Bc4 h4
{Szegedi,P (2315)-Kadar,G (2280) Kaposvar 1986 1-0 (41)}) (10. e4 Bb7 $14)
10... O-O (10... c5 11. Bc2 $11) 11. b4 a5 {Black threatens to win material:
a5xb4} 12. Na2 (12. Rb1 $5 $11 {should be considered}) 12... axb4 $15 13. axb4
Bxb4 14. Bd2 Bxd2 15. Qxd2 Bb7 16. Ng5 (16. Qb2 h6 $17) 16... h6 17. Ne4 Nxe4
18. Bxe4 Nc5 19. Qc2 $2 (19. Bb1 $142 $5 g6 20. Qd1 $17) 19... Nxe4 $19 20.
Qxe4 Qb6 (20... Ra7 21. Qc2 c5 22. Qb2 $19) 21. Qb1 (21. Nc3 Rxa1 22. Rxa1 b4
$17) 21... Ra3 (21... c5 $142 22. Qb2 Rfd8 $19) 22. h3 $2 (22. Nb4 $142 Rxa1
23. Qxa1 $19) 22... Rfa8 23. Rc1 Qa5 24. Rc2 b4 $1 {Deflection: a2} 25. Rb2 (
25. Nxb4 Ra4 {Decoy Double attack} (25... Rxa1 {Deflection Pinning})) (25. Qxb4
Qxb4 26. Nxb4 R3a4 {Decoy Double attack} (26... Rb3 {Discovered attack}) (26...
Rxa1+ {Deflection Pinning})) 25... c5 26. dxc5 Bd5 27. c6 (27. Rxb4 {doesn't
get the bull off the ice} Qxc5 28. Rb2 Qa7 $19) 27... Bxc6 (27... b3 $142 {
might be the shorter path} 28. Qd3 $19) 28. e4 (28. Rxb4 {cannot change what
is in store for White} Bd5 $19) 28... Qe5 (28... f5 $142 $5 {keeps an even
firmer grip} 29. Rxb4 Bxe4 30. Qe1 $19) 29. Rxb4 Qg5 (29... f5 {and Black can
already relax} 30. exf5 exf5 31. Rb6 $19) 30. Rb8+ $4 {the position was bad,
and this mistake simply hastens the end} (30. Rb6 $142 Qc5 31. Rb8+ Kh7 32.
Rxa8 Bxa8 33. Nc1 Rxa1 34. Qxa1 Bxe4 35. Ne2 $17) 30... Rxb8 $19 31. Qxb8+ Kh7
32. Qb1 (32. Qb4 {hardly improves anything} Ra4 33. Qc3 Bxe4 $19) 32... Qg6 (
32... Qe5 {keeps an even firmer grip} 33. f3 f5 34. Qe1 Qd4+ 35. Kh2 $19) 33.
Qc1 (33. g3 $19 {cannot change destiny}) 33... Rxh3 (33... Bxe4 $142 {and
Black has prevailed} 34. Qf1 Bd5 $19) 34. Qxc6 $16 Ra3 (34... Rh4 35. g3 Qxe4
36. Qxe4+ Rxe4 37. Nc3 $16) 35. Qc1 (35. Qc2 $142 $18) 35... Qxe4 $4 {an
oversight. But Black was lost anyway.} (35... Qf6 36. Qxa3 Qxa1+ 37. Kh2 Qe5+
38. g3 Qxe4 39. Qc5 $16) 36. Nc3 (36. Qxa3 $142 {and White has triumphed} Qd4
37. Nb4 $18) 36... Rxa1 $16 37. Qxa1 Qd4 38. Qb1+ g6 39. Ne2 Qc4 40. Qf1 Qa6
41. Ng3 Qxf1+ 42. Kxf1 g5 $2 (42... Kg7 43. Ne4 $16) 43. Ke2 (43. Nh5 $142 $18
{seems even better}) 43... Kg6 $16 44. Ke3 Kf6 $4 {a blunder in a bad position}
(44... h5 $142 $16) 45. Ke4 $18 Kg6 46. f3 (46. Ke5 $142 $18 {and White can
already relax}) 46... h5 $4 {shortens the misery for Black} (46... f6 47. Ne2
h5 48. Nd4 $16) 47. Nf1 (47. Ke5 h4 48. Ne4 $18) 47... g4 $4 {Black crumbles
in face of a dire situation} (47... f6 $142 $16) 48. fxg4 $18 hxg4 49. Ng3 (49.
Ke5 Kg5 50. g3 Kg6 51. Nd2 Kg5 52. Ne4+ Kg6 53. Nd6 Kg7 54. Ne8+ Kg6 55. Kf4 f6
56. Kxg4 Kf7 57. Nd6+ Ke7 58. Nc4 f5+ 59. Kg5 Kd7 60. Kf6 Kc6 61. Kxe6 Kc5 62.
Ne5 Kb5 63. Kxf5 Kc5 64. g4 Kd5 65. g5 Kd4 66. g6 Kc3 67. g7 Kb2 68. g8=Q Kc2
69. Qc4+ Kd1 70. Ng4 Kd2 71. Ke4 Kd1 72. Ke3 Ke1 73. Qe2#) 49... Kg5 50. Nf1 (
50. Ke5 Kg6 51. Nf1 g3 52. Nxg3 f5 53. Ne2 Kg5 54. Kxe6 f4 55. Ke5 Kh6 56. Nxf4
Kg5 57. Ke4 Kf6 58. g4 Kg5 59. Kf3 Kf6 60. Kg3 Kg5 61. Nd5 Kg6 62. Kf4 Kg7 63.
g5 Kf8 64. g6 Ke8 65. Kf5 Kf8 66. Nf6 Kg7 67. Ng4 Kg8 68. Kf6 Kf8 69. g7+ Ke8
70. g8=Q+ Kd7 71. Qc4 Kd6 72. Nh6 Kd7 73. Nf7 Ke8 74. Qc8#) 50... f6 $4 {
gives away a clear win} (50... Kg6 51. Kf4 g3 52. Ke5 Kg7 53. Nxg3 Kg6 54. Nf1
Kg5 55. Ne3 f5 56. g3 Kg6 57. Kxe6 Kg5 58. Nxf5 Kg6 59. Ne3 Kg7 60. Kf5 Kf7 61.
g4 Kg7 62. g5 Kf7 63. g6+ Ke8 64. Kf6 Kd7 65. g7 Kc8 66. g8=Q+ Kb7 67. Qc4 Kb8
68. Nd5 Ka8 69. Qa6+ Kb8 70. Qb6+ Ka8 71. Nc7#) 51. Ne3 (51. Ng3 $142 $18 {
and White has it in the bag}) 51... Kh4 $16 52. Nf1 Kg5 53. Ng3 (53. g3 Kh6 54.
Kf4 Kh7 55. Kxg4 Kg6 56. Ne3 f5+ 57. Kf4 Kf6 58. Nc4 Kg6 59. Ne5+ Kh6 60. Nf3
Kg6 61. Ke5 Kh5 62. Nd4 Kg4 63. Ne2 Kh5 64. Kxe6 Kg5 65. Kf7 Kg4 66. Kf6 Kf3
67. Kxf5 Kxe2 68. g4 Ke3 69. g5 Kd4 70. Kf4 Kd5 71. g6 Ke6 72. Kg5 Kd5 73. g7
Ke4 74. g8=Q Kd3 75. Qc8 Ke4 76. Qc5 Kf3 77. Qe5 Kg2 78. Qe2+ Kg3 79. Kf5 Kh3
80. Kf4 Kh4 81. Qg4#) 53... Kh4 54. Nf1 (54. Ne2 $142 $18 {secures the point})
54... Kg5 55. Ng3 {Twofold repetition} Kh4 56. Nf1 {Draw by threefold
repetition} (56. Ne2 $142 $18 {nails it down}) 56... Kg5 57. Ng3 (57. g3 $142
$18 {makes it even easier for White}) 57... f5+ $4 {ruins a clearly superior
position} (57... Kh4 58. Ne2 Kg5 $18) 58. Nxf5 (58. Ke5 Kg6 59. Ne2 f4 60.
Nxf4+ Kf7 61. Nxe6 Kg6 62. Nf4+ Kh7 63. Kf5 Kg7 64. Nh5+ Kf7 65. Nf6 g3 66. Nh5
Ke7 67. Nxg3 Kf8 68. Ne4 Kf7 69. g4 Ke7 70. g5 Kf7 71. g6+ Ke7 72. Ng5 Kd6 73.
g7 Kc5 74. g8=Q Kb4 75. Qb8+ Kc5 76. Ne4+ Kc4 77. Qb1 Kd4 78. Qc2 Ke3 79. Qd2+
Kf3 80. Qf2#) 58... exf5+ 59. Ke3 f4+ 60. Kf2 (60. Kd2 {a fruitless try to
alter the course of the game} g3 61. Ke1 Kf5 62. Ke2 Ke4 63. Kd2 f3 64. gxf3+
Kxf3 65. Kc3 g2 66. Kd4 g1=Q+ 67. Kd5 Qb6 68. Kc4 Ke4 69. Kc3 Qb5 70. Kc2 Qb4
71. Kd1 Qb2 72. Ke1 Ke3 73. Kd1 Qd2#) 60... Kf5 (60... g3+ 61. Kg1 Kf5 62. Kf1
Kf6 63. Ke2 Ke6 64. Kf1 Ke5 65. Ke1 Kd4 66. Ke2 Ke4 67. Kd2 f3 68. gxf3+ Kxf3
69. Kc3 g2 70. Kd4 g1=Q+ 71. Kd5 Kg4 72. Kc6 Kf4 73. Kc7 Qg7+ 74. Kc6 Ke5 75.
Kc5 Qh6 76. Kc4 Qe3 77. Kb4 Kd5 78. Kb5 Qb3+ 79. Ka5 Kc6 80. Ka6 Qa3#) 61. Ke2
(61. g3 {doesn't get the cat off the tree} f3 62. Kf1 Ke4 63. Kf2 Kd3 64. Kf1
f2 65. Kxf2 Kd2 66. Kf1 Ke3 67. Kg1 Kf3 68. Kh2 Kf2 69. Kh1 Kxg3 70. Kg1 Kh3
71. Kh1 g3 72. Kg1 g2 73. Kf2 Kh2 74. Ke2 g1=Q 75. Kd3 Qc5 76. Kd2 Kg2 77. Kd3
Kf3 78. Kd2 Qc4 79. Kd1 Ke3 80. Ke1 Qe2#) 61... Ke4 62. Kf2 (62. Kd2 {does not
win a prize} g3 63. Kc3 f3 64. gxf3+ Kxf3 65. Kc4 g2 66. Kd4 g1=Q+ 67. Kc3 Kf4
68. Kb3 Qd4 69. Kc2 Ke3 70. Kc1 Qd2+ 71. Kb1 Kd3 72. Ka1 Kc2 73. Ka2 Qa5#)
62... Kd3 (62... g3+ 63. Ke2 Kd5 64. Kf1 Ke6 65. Ke2 Ke5 66. Ke1 Kd4 67. Ke2
Ke4 68. Kd2 f3 69. gxf3+ Kxf3 70. Kc3 g2 71. Kd4 g1=Q+ 72. Ke5 Qc1 73. Kd6 Ke4
74. Ke6 Qc6+ 75. Ke7 Kf5 76. Kf7 Qc7+ 77. Kf8 Kf6 78. Kg8 Qg7#) 63. Kf1 (63. g3
{cannot undo what has already been done} f3 64. Kf1 f2 65. Kxf2 Kd2 66. Kf1 Ke3
67. Kg2 Ke2 68. Kg1 Kf3 69. Kh2 Kf2 70. Kh1 Kxg3 71. Kg1 Kh3 72. Kh1 g3 73. Kg1
g2 74. Kf2 Kh2 75. Ke2 g1=Q 76. Kd2 Qc5 77. Kd3 Kg2 78. Ke4 Kf2 79. Kd3 Kf3 80.
Kd2 Qc4 81. Kd1 Ke3 82. Ke1 Qe2#) 63... Ke3 (63... g3 64. Ke1 Ke3 65. Kd1 f3
66. Kc2 f2 67. Kb2 Kd4 68. Kb3 f1=Q 69. Kb2 Kc4 70. Kc2 Qe2+ 71. Kb1 Kc3 72.
Ka1 Qb2#) 64. Kg1 (64. g3 {doesn't change anything anymore} f3 65. Ke1 f2+ 66.
Kf1 Ke4 67. Kxf2 Kd3 68. Kg1 Ke2 69. Kg2 Ke3 70. Kg1 Kf3 71. Kh1 Kxg3 72. Kg1
Kh3 73. Kf1 g3 74. Ke1 g2 75. Kf2 Kh2 76. Ke3 g1=Q+ 77. Ke4 Kh3 78. Ke5 Qc5+
79. Ke6 Kg4 80. Kf6 Qd6+ 81. Kf7 Qd7+ 82. Kg8 Kh5 83. Kf8 Kh6 84. Kg8 Qg7#)
64... Ke2 (64... Ke2 65. g3 f3 66. Kh1 f2 67. Kg2 f1=Q+ 68. Kh2 Qd1 69. Kg2 Qc2
70. Kg1 Kf3 71. Kf1 Qf2#) (64... g3 65. Kh1 Ke2 66. Kg1 Ke1 67. Kh1 f3 68. gxf3
Kf2 69. f4 g2+ 70. Kh2 g1=Q+ 71. Kh3 Qg3#) 0-1

[Event "HokkaidoCh2018"]
[Site "?"]
[Date "2018.03.25"]
[Round "4.6"]
[White "SONOMOTO, Shinji"]
[Black "IKEDA, Naoto"]
[Result "1-0"]
[WhiteElo "1740"]
[BlackElo "1317"]
[Annotator "Fritz 15 (30s)"]
[PlyCount "81"]
[SourceDate "2018.03.25"]

{D02: 1 d4 d5 2 Nf3 sidelines, including 2...Nf6 3 g3 and 2...Nf6 3 Bf4} 1. d4
d5 2. Nf3 Nf6 3. Nbd2 Nbd7 (3... c6 4. c3 Bf5 5. Nh4 Be4 6. f3 Bg6 7. Nxg6 hxg6
8. e4 e6 9. Bd3 c5 10. dxc5 Bxc5 11. Qe2 Nc6 12. exd5 Qxd5 13. Ne4 O-O-O 14.
Nxc5 Qxc5 15. Be3 Qe5 16. O-O-O Nd5 17. Bd2 Nf4 18. Bxf4 {Astasio Lopez,D 
(2340)-Korneev,O (2571) Elgoibar 2009 0-1 (42)}) (3... c5 4. dxc5 Qa5 5. e3 g6
6. c4 Bg7 7. cxd5 O-O 8. Qb3 Nbd7 9. c6 Nc5 10. Qc4 Nce4 11. Bd3 Nd6 12. Qb3
Nxd5 13. cxb7 Bxb7 14. O-O Rab8 15. Qd1 Rfd8 16. Nb3 Qb6 17. Bd2 Nb4 18. Bxb4 {
Singh,D (2257)-Murali Krishnan,B (2320) Chennai 2013 1/2-1/2}) 4. c3 $146 (4.
g3 e6 5. Bg2 Bd6 6. O-O c6 7. Re1 O-O 8. e4 dxe4 9. Nxe4 Nxe4 10. Rxe4 Nf6 11.
Re1 Nd5 12. c4 Ne7 13. Bd2 b6 14. Qc2 h6 15. Rad1 Bb7 16. Bc3 Re8 17. b3 Ng6
18. h4 Qc7 {Schweda,R (2432)-Lovrinovic,C (2247) Austria 2010 1-0 (54)}) 4...
e6 5. Qc2 Bd6 6. e4 dxe4 7. Nxe4 Nxe4 8. Qxe4 {Black's piece can't move: c8}
Nf6 {Black threatens to win material: Nf6xe4} 9. Qh4 Be7 10. Bd3 g6 {Covers f5}
11. Bh6 {Black has a cramped position} (11. O-O O-O $14) 11... Ng8 $11 12. Qf4
Nxh6 13. Qxh6 {Black has the pair of bishops} Bf8 {Black threatens to win
material: Bf8xh6} 14. Qf4 Bg7 15. O-O {Black has a cramped position} O-O 16.
Rad1 b6 17. Be4 {White threatens to win material: Be4xa8} Rb8 18. Rfe1 f5 (
18... Qd6 $5 {deserves consideration} 19. Qc1 Bb7 $11) 19. Bc2 $16 Re8 20. d5
Qe7 $2 (20... exd5 $142 21. Rxe8+ Qxe8 22. Qxc7 Rb7 $14) 21. dxe6 $18 Bxe6 $4 {
Black has lost his nerve... understandable when you consider his position. .} (
21... Kh8 22. Ne5 Bxe5 23. Qxe5+ Qg7 24. e7 Qxe5 25. Rxe5 $18) 22. Ng5 (22.
Rxe6 $142 {secures the point} Qf8 23. Rxe8 Rxe8 24. Bb3+ Kh8 25. Qxc7 $18)
22... Bh6 23. h4 (23. Rxe6 $142 $5 Bxg5 24. Qg3 Qxe6 25. Bb3 $18) 23... Bxg5
$16 24. hxg5 Kf7 $4 {another step towards the grave} (24... Qf7 $142 $16) 25.
Rxe6 $1 $18 {Double attack: a7/f7} Qxe6 (25... Qxe6 26. Qxc7+ {Double attack})
(25... Kxe6 26. Bb3# {Mate attack Decoy}) (25... -- $140 26. Rxe7+ {Mate threat
}) 26. Bb3 Kf8 (26... Qxb3 {what else?} 27. axb3 Re7 $18) 27. Bxe6 Rxe6 28.
Qxc7 (28. Rd7 Re1+ 29. Kh2 Re7 30. Rxe7 Kxe7 31. Qxc7+ Ke6 32. Qxb8 f4 33. Qxa7
b5 34. Qxh7 f3 35. Qxg6+ Kd7 36. Qf5+ Kc6 37. g6 fxg2 38. g7 Kb6 39. g8=Q g1=Q+
40. Kxg1 Kc6 41. Qb8 b4 42. Qfb5#) 28... Rbe8 29. Qxh7 R8e7 30. Qh8+ Kf7 31.
Qh7+ (31. Rd8 Re8 32. Rxe8 Rxe8 33. Qf6+ Kg8 34. Qxg6+ Kf8 35. Qf6+ Kg8 36. g6
Rf8 37. Qe7 Rf6 38. Qxf6 b5 39. Qf7+ Kh8 40. Qh7#) 31... Kf8 32. Rd8+ Re8 33.
Rxe8+ (33. Qh8+ Kf7 34. Rxe8 Rxe8 35. Qf6+ Kg8 36. Qxg6+ Kh8 37. Qxe8+ Kg7 38.
Qe7+ Kg6 39. Qf6+ Kh5 40. f3 Kh4 41. Kh2 Kh5 42. Qh6#) 33... Kxe8 $18 34. Qg8+
Ke7 35. Qg7+ Kd6 36. Qxa7 Ke5 37. g3 (37. Qd7 f4 38. g3 Rd6 39. gxf4+ Kd5 40.
c4+ Kc5 41. b4+ Kxb4 42. Qxd6+ Kc3 43. f5 Kc2 44. fxg6 b5 45. g7 b4 46. Qxb4
Kd1 47. g8=Q Ke2 48. Qe6+ Kd1 49. Qee1+ Kc2 50. Qb3#) 37... Ke4 38. Qb7+ (38.
Qd7 f4 39. Qxe6+ Kd3 40. Qxg6+ Kd2 41. Qe4 fxg3 42. g6 Kc1 43. fxg3 Kxb2 44. g7
Kxc3 45. g8=Q Kb2 46. Qb3+ Kc1 47. Qf4#) 38... Ke5 39. f4+ (39. Qd7 Rd6 40. f4+
Kd5 41. c4+ Kc5 42. b4+ Kd4 43. Qxd6+ Kxc4 44. Qxb6 Kc3 45. Qc5+ Kb2 46. b5
Kxa2 47. b6 Kb3 48. Qd4 Kc2 49. b7 Kb3 50. b8=Q+ Kc2 51. Qbb2#) 39... Kd6 40.
Qxb6+ Kd5 41. c4+ $1 {Deflection: e6} (41. c4+ Kxc4 42. Qxe6+ Kc5 43. Qa6 Kd5
44. Kf2 Kc5 45. Ke2 Kb4 46. Qc6 Ka5 47. a4 Kb4 48. Qb5#) 1-0

[Event "HokkaidoCh2018"]
[Site "?"]
[Date "2018.03.25"]
[Round "4.7"]
[White "WATANABE, Katsumi"]
[Black "SATO, Yasuji"]
[Result "0-1"]
[WhiteElo "1657"]
[BlackElo "1614"]
[Annotator "Fritz 15 (30s)"]
[PlyCount "108"]
[SourceDate "2018.03.25"]

{D08: Albin Counter Gambit} 1. d4 d5 2. c4 e5 3. dxe5 d4 4. Nf3 Nc6 5. e3 Bb4+
6. Bd2 dxe3 7. fxe3 Bg4 {White is behind in developement} 8. Be2 $146 (8. Bxb4
Qxd1+ 9. Kxd1 Nxb4 10. a3 (10. h3 O-O-O+ 11. Nbd2 Bh5 12. g4 Bg6 13. Nd4 Ne7
14. Bg2 c5 15. Nb5 Nc2 16. Ke2 Nxa1 17. Rxa1 Nc6 18. Bxc6 bxc6 19. Nd6+ Kc7 20.
Nb3 f6 21. Nxc5 fxe5 22. Nf5 Bf7 23. b3 Kb6 24. Na4+ Ka5 {Galliamova,A (2478)
-Lomineishvili,M (2364) Kutansi 2015 1-0 (64)}) 10... Nc6 11. Nbd2 Bxf3+ 12.
gxf3 Nxe5 {1/2-1/2 (12) Szaz,F (2201)-Andi,P (2189) Hungary 2008}) (8. Nc3 Nge7
9. a3 Bxc3 10. Bxc3 O-O 11. Qxd8 Raxd8 12. Be2 Ng6 13. Kf2 Rfe8 14. Rad1 Rxd1
15. Rxd1 Kf8 16. h3 Bc8 17. Nd4 Ncxe5 18. Bb4+ Kg8 19. Nb5 Bd7 20. Nxc7 Rc8 21.
Nd5 Ba4 22. Rd2 h6 {Schischke,R (2290)-Kalka,A (2305) Germany 1997 1/2-1/2 (45)
}) (8. Nc3 Nxe5 9. Qa4+ Nc6 $14) 8... Bc5 {White has a cramped position} (8...
Bxf3 9. Bxf3 Qh4+ 10. g3 Qxc4 11. Qb3 Qxb3 12. Bxc6+ bxc6 13. axb3 $11) 9. O-O
{White castles and improves king safety} (9. Qb3 Rb8 10. Qb5 Be7 $14) 9... Qe7
{[%cal Rc6e5,Re7e5,Gf3e5] The isolani on e5 becomes a target} (9... Nh6 10. Nc3
$14) 10. Nc3 $16 O-O-O 11. Nd5 Qe8 12. Nd4 (12. b4 $142 $5 Bxf3 13. Bxf3 $16)
12... Bxe2 $11 {Black forks: d1, f1+c4} 13. Nxe2 (13. Qxe2 Nxd4 14. exd4 Bxd4+
15. Be3 Bxe5 $11) 13... Nxe5 14. Qc2 c6 15. Bb4 (15. Nd4 $142 $5 $11 {is
noteworthy}) 15... Bxb4 $17 16. Nxb4 Nf6 17. Rad1 Qe7 18. Nd3 $2 (18. Qf5+ $142
Nfd7 19. Nc2 Nxc4 20. Qf4 $17) 18... Nfg4 $19 19. Nxe5 (19. Nd4 Nxe3 20. Nf5
Nxf5 21. Rxf5 $19) 19... Rxd1 $4 {Sacrifices material. a weak move, ruining a
winning position} (19... Qxe5 $142 {and Black has reached his goal} 20. Rxd8+
Rxd8 21. Qf5+ Qxf5 22. Rxf5 Rd1+ 23. Rf1 Rxf1+ 24. Kxf1 Nxe3+ 25. Ke1 Nxc4 $19)
20. Qf5+ $14 {White forks: g4+f7} Kb8 21. Rxd1 (21. Nxg4 $142 Rxf1+ 22. Kxf1
$14) 21... Nxe3 $4 {makes life more difficult.} (21... Nxe5 $142 22. Ng3 g6 $11
) 22. Qd7 (22. Qf4 $142 {and White has prevailed} Ka8 23. Qxe3 $18) 22... Qxe5
$19 23. Qd6+ (23. Rd4 c5 24. Rd3 Nxc4 $19) 23... Qxd6 24. Rxd6 Nxc4 25. Rd7 Rf8
26. b3 Kc8 27. Re7 (27. Rd4 Ne5 $19) 27... Nd6 28. Nf4 Kd8 (28... Re8 {keeps
an even firmer grip} 29. Rxe8+ Nxe8 30. Kf2 $19) 29. Re2 Kd7 (29... Re8 {
seems even better} 30. Rd2 Kc7 31. Rc2 $19) 30. Nh5 Re8 31. Rd2 Kc7 (31... Rg8
$5 32. Kf2 $19) 32. Nxg7 $17 Re5 33. h4 f5 34. Nh5 a5 35. Nf6 h6 36. Ng8 (36.
Rf2 c5 $17) 36... h5 (36... Re6 37. h5 $19) 37. Nf6 $17 f4 (37... Re1+ 38. Kh2
Re6 39. Nxh5 $17) 38. Nh7 (38. Rd4 $5 Rf5 39. Ne4 Nxe4 40. Rxe4 $17) 38... Nf5
39. Nf8 (39. Rf2 Nxh4 40. Rxf4 $19) 39... Nxh4 $19 40. Rd7+ (40. Kf2 Re8 41.
Rd7+ Kc8 $19) 40... Kb6 41. Rf7 (41. Rh7 Rg5 $19) 41... Rf5 42. Rxf5 (42. Nd7+
Kb5 43. Rh7 Kb4 $19) 42... Nxf5 43. Ng6 (43. Kf2 {there is nothing else anyway}
Kc5 44. Kf3 Nh4+ 45. Kxf4 Nxg2+ 46. Kf3 Ne1+ 47. Ke2 $19) 43... Kb5 44. Nxf4
Ng7 (44... Kb4 {makes it even easier for Black} 45. Ne2 $19) 45. Kf2 $4 {
White falls apart} (45. Nd3 $19) 45... Kb4 46. Kg3 (46. Ne2 $19 {there is
nothing better in the position}) 46... Ka3 47. Kh4 (47. b4 {does not solve
anything} axb4 48. Nd3 b6 $19) 47... Kxa2 48. Nxh5 (48. Kg5 {doesn't change
the outcome of the game} Kxb3 49. Kh6 Ne8 $19) 48... Nf5+ 49. Kg5 (49. Kg4 {
does not help much} Nd4 50. Ng3 Kxb3 $19) 49... Ne3 50. g3 Kxb3 51. Kf4 Nd5+
52. Ke5 a4 53. g4 (53. Ng7 {is not much help} a3 54. Ke4 a2 55. Kf3 a1=Q 56.
Ne6 Qe5 57. Nf4 Nxf4 58. gxf4 Qf5 59. Kg3 c5 60. Kf2 Qxf4+ 61. Kg1 Qd2 62. Kh1
c4 63. Kg1 c3 64. Kf1 c2 65. Kg1 c1=R#) 53... a3 54. g5 Ne7 (54... Ne7 55. Kd6
a2 56. Kxe7 a1=Q $19) (54... a2 55. Ke6 a1=Q 56. Nf6 Qe1+ 57. Kf5 Ne7+ 58. Kf4
Qe6 59. Ng4 Ng6+ 60. Kg3 Qd6+ 61. Kg2 Qf4 62. Nf2 Qe3 63. Nd3 Nh4+ 64. Kf1
Qxd3+ 65. Kf2 Qf3+ 66. Ke1 Kc2 67. g6 Ng2#) 0-1